<?xml version="1.0" encoding="UTF-8"?>
<record
    xmlns:xsi="http://www.w3.org/2001/XMLSchema-instance"
    xsi:schemaLocation="http://www.loc.gov/MARC21/slim http://www.loc.gov/standards/marcxml/schema/MARC21slim.xsd"
    xmlns="http://www.loc.gov/MARC21/slim">

  <leader>04488nam a2200529 i 4500</leader>
  <controlfield tag="001">23058</controlfield>
  <controlfield tag="003">FINmELB</controlfield>
  <controlfield tag="005">20241216214045.0</controlfield>
  <controlfield tag="006">m     o  u        </controlfield>
  <controlfield tag="007">cr cn|||||||||</controlfield>
  <controlfield tag="008">220328t20162016mx b   fob    000 0 spa d</controlfield>
  <datafield tag="020" ind1=" " ind2=" ">
    <subfield code="a">978-607-628-128-4</subfield>
    <subfield code="q">(versi&#xF3;n electr&#xF3;nica El Colegio de M&#xE9;xico)</subfield>
  </datafield>
  <datafield tag="020" ind1=" " ind2=" ">
    <subfield code="a">978-607-486-367-3</subfield>
    <subfield code="q">(versi&#xF3;n electr&#xF3;nica CIESAS)</subfield>
  </datafield>
  <datafield tag="020" ind1=" " ind2=" ">
    <subfield code="a">978-607-9470-57-9</subfield>
    <subfield code="q">(versi&#xF3;n electr&#xF3;nica El Colegio de Michoac&#xE1;n)</subfield>
  </datafield>
  <datafield tag="020" ind1=" " ind2=" ">
    <subfield code="z">978-607-462-909-5</subfield>
    <subfield code="q">(El Colegio de M&#xE9;xico)</subfield>
  </datafield>
  <datafield tag="020" ind1=" " ind2=" ">
    <subfield code="z">978-607-486-352-9</subfield>
    <subfield code="q">(CIESAS)</subfield>
  </datafield>
  <datafield tag="020" ind1=" " ind2=" ">
    <subfield code="z">978-607-9470-31-9</subfield>
    <subfield code="q">(El Colegio de Michoac&#xE1;n)</subfield>
  </datafield>
  <datafield tag="035" ind1=" " ind2=" ">
    <subfield code="a">(OCoLC)1105395969</subfield>
  </datafield>
  <datafield tag="040" ind1=" " ind2=" ">
    <subfield code="a">FINmELB</subfield>
    <subfield code="b">spa</subfield>
    <subfield code="e">rda</subfield>
    <subfield code="c">FINmELB</subfield>
  </datafield>
  <datafield tag="043" ind1=" " ind2=" ">
    <subfield code="a">cl-----</subfield>
  </datafield>
  <datafield tag="050" ind1=" " ind2="4">
    <subfield code="a">E65</subfield>
    <subfield code="b">.P635 2016</subfield>
  </datafield>
  <datafield tag="082" ind1="0" ind2="4">
    <subfield code="a">323.04209809033</subfield>
    <subfield code="2">23</subfield>
  </datafield>
  <datafield tag="245" ind1="0" ind2="4">
    <subfield code="a">Las poblaciones ind&#xED;genas en la conformaci&#xF3;n de las naciones y los Estados en la Am&#xE9;rica Latina decimon&#xF3;nica /</subfield>
    <subfield code="c">Ingrid de Jong, Antonio Escobar Ohmstede (coordinadores y editores).</subfield>
  </datafield>
  <datafield tag="250" ind1=" " ind2=" ">
    <subfield code="a">Primera edici&#xF3;n.</subfield>
  </datafield>
  <datafield tag="264" ind1=" " ind2="1">
    <subfield code="a">Ciudad de M&#xE9;xico :</subfield>
    <subfield code="b">El Colegio de M&#xE9;xico, Centro de Estudios Hist&#xF3;ricos :</subfield>
    <subfield code="b">Centro de Investigaciones y Estudios Superiores en Antropolog&#xED;a Social, CIESAS :</subfield>
    <subfield code="b">El Colegio de Michoac&#xE1;n,</subfield>
    <subfield code="c">2016.</subfield>
  </datafield>
  <datafield tag="264" ind1=" " ind2="4">
    <subfield code="c">&#xA9;2016</subfield>
  </datafield>
  <datafield tag="300" ind1=" " ind2=" ">
    <subfield code="a">1 recurso en l&#xED;nea (478 p&#xE1;ginas) :</subfield>
    <subfield code="b">mapas</subfield>
  </datafield>
  <datafield tag="336" ind1=" " ind2=" ">
    <subfield code="a">texto</subfield>
    <subfield code="b">txt</subfield>
    <subfield code="2">rdacontent/spa</subfield>
  </datafield>
  <datafield tag="337" ind1=" " ind2=" ">
    <subfield code="a">computadora</subfield>
    <subfield code="b">c</subfield>
    <subfield code="2">rdamedia/spa</subfield>
  </datafield>
  <datafield tag="338" ind1=" " ind2=" ">
    <subfield code="a">recurso en l&#xED;nea</subfield>
    <subfield code="b">cr</subfield>
    <subfield code="2">rdacarrier/spa</subfield>
  </datafield>
  <datafield tag="504" ind1=" " ind2=" ">
    <subfield code="a">Incluye bibliograf&#xED;a en cada cap&#xED;tulo.</subfield>
  </datafield>
  <datafield tag="505" ind1="0" ind2="0">
    <subfield code="t">&#xCD;ndice --</subfield>
    <subfield code="t">Presentaci&#xF3;n. Un contexto comparativo del papel de los ind&#xED;genas en la creaci&#xF3;n y la conformaci&#xF3;n de las naciones y los Estados en la Am&#xE9;rica Latina del siglo XIX /</subfield>
    <subfield code="r">Ingrid de Jong y Antonio Escobar Ohmstede --</subfield>
    <subfield code="t">Ciudadan&#xED;as diferenciadas en los procesos de conformaci&#xF3;n de las naciones y los estados en el siglo XIX (M&#xE9;xico, Bolivia, Colombia). Una perspectiva anal&#xED;tica /</subfield>
    <subfield code="r">Antonio Escobar Ohmstede --</subfield>
    <subfield code="t">La cultura pol&#xED;tica ind&#xED;gena frente a las propuestas de asimilaci&#xF3;n : un estudio comparativo entre R&#xED;o de Janeiro y M&#xE9;xico (siglos XVIII-XIX) /</subfield>
    <subfield code="r">Maria Regina Celestino de Almeida --</subfield>
    <subfield code="t">Deslegitimaci&#xF3;n de las diferencias &#xE9;tnicas, "ciudadanizaci&#xF3;n" y desamortizaci&#xF3;n de las tierras de indios: apuntes acerca del liberalismo, el indigenismo y las leyes agrarias en M&#xE9;xico y Brasil en la d&#xE9;cada de 1850 /</subfield>
    <subfield code="r">V&#xE2;nia Maria Losada Moreira --</subfield>
    <subfield code="t">Participaci&#xF3;n ind&#xED;gena en los destinos de los estados nacionales : Chiapas y El Salvador en el siglo XIX /</subfield>
    <subfield code="r">Mar&#xED;a Dolores Palomo Infante --</subfield>
    <subfield code="t">"No tenemos voluntad de ir al trabajo forzado ..." Una comparaci&#xF3;n de los nexos entre ind&#xED;genas y jefaturas pol&#xED;ticas en M&#xE9;xico y Guatemala. Segunda mitad del siglo XIX /</subfield>
    <subfield code="r">Romana Falc&#xF3;n --</subfield>
    <subfield code="t">El sistema de representaci&#xF3;n de ind&#xED;genas en la transici&#xF3;n a la rep&#xFA;blica. Los apoderados de la comunidad de Colalao y Tolomb&#xF3;n en perspectiva comparativa /</subfield>
    <subfield code="r">Lorena B. Rodr&#xED;guez --</subfield>
    <subfield code="t">Las pr&#xE1;cticas diplom&#xE1;ticas en los procesos de expansi&#xF3;n estatal : tratados de paz y parlamentos en Pampas y Araucan&#xED;a /</subfield>
    <subfield code="r">Ingrid de Jong --</subfield>
    <subfield code="t">Mediadores letrados y participaci&#xF3;n pol&#xED;tica de poblaciones ind&#xED;genas en M&#xE9;xico y Argentina, siglo XIX : perspectivas comparadas /</subfield>
    <subfield code="r">Gabriela Pellegrino Soares --</subfield>
    <subfield code="t">La construcci&#xF3;n del Estado-Naci&#xF3;n al sur del mundo. La Araucan&#xED;a y la Patagonia hacia finales del siglo XIX y principios del XX /</subfield>
    <subfield code="r">Jaime Flores Ch&#xE1;vez --</subfield>
    <subfield code="t">Territorios y estrategias &#xE9;tnicas en la Hoya del Madre de Dios /</subfield>
    <subfield code="r">N&#xFA;ria Sala i Vila.</subfield>
  </datafield>
  <datafield tag="588" ind1=" " ind2=" ">
    <subfield code="a">Descripci&#xF3;n basada en metadatos suministrados por el editor y otras fuentes.</subfield>
  </datafield>
  <datafield tag="590" ind1=" " ind2=" ">
    <subfield code="a">Recurso electr&#xF3;nico. Santa Fe, Arg.: elibro, 2022. Disponible v&#xED;a World Wide Web. El acceso puede estar limitado para las bibliotecas afiliadas a elibro.</subfield>
  </datafield>
  <datafield tag="650" ind1=" " ind2="4">
    <subfield code="a">Indios de Am&#xE9;rica Latina</subfield>
    <subfield code="x">Participaci&#xF3;n pol&#xED;tica</subfield>
    <subfield code="y">Siglo XIX.</subfield>
  </datafield>
  <datafield tag="650" ind1=" " ind2="0">
    <subfield code="a">Indigenous peoples</subfield>
    <subfield code="x">Race identity</subfield>
    <subfield code="z">Latin America.</subfield>
  </datafield>
  <datafield tag="650" ind1=" " ind2="4">
    <subfield code="a">Nacionalismo</subfield>
    <subfield code="z">Am&#xE9;rica Latina</subfield>
    <subfield code="y">Siglo XIX.</subfield>
  </datafield>
  <datafield tag="650" ind1=" " ind2="4">
    <subfield code="a">Indios de Am&#xE9;rica Latina</subfield>
    <subfield code="x">Relaciones con el gobierno</subfield>
    <subfield code="y">Siglo XIX.</subfield>
  </datafield>
  <datafield tag="650" ind1=" " ind2="4">
    <subfield code="a">Indios de Am&#xE9;rica Latina</subfield>
    <subfield code="x">Identidad racial</subfield>
    <subfield code="y">Siglo XIX.</subfield>
  </datafield>
  <datafield tag="650" ind1=" " ind2="4">
    <subfield code="a">Estado, El</subfield>
    <subfield code="z">Am&#xE9;rica Latina</subfield>
    <subfield code="x">Historia</subfield>
    <subfield code="y">Siglo XIX.</subfield>
  </datafield>
  <datafield tag="655" ind1=" " ind2="4">
    <subfield code="a">Libros electr&#xF3;nicos.</subfield>
  </datafield>
  <datafield tag="700" ind1="1" ind2=" ">
    <subfield code="a">Jong, Ingrid de,</subfield>
    <subfield code="e">editor,</subfield>
    <subfield code="e">coordinador.</subfield>
  </datafield>
  <datafield tag="700" ind1="1" ind2=" ">
    <subfield code="a">Escobar Ohmstede, Antonio,</subfield>
    <subfield code="e">editor,</subfield>
    <subfield code="e">coordinador.</subfield>
  </datafield>
  <datafield tag="700" ind1="1" ind2=" ">
    <subfield code="a">Falc&#xF3;n, Romana,</subfield>
    <subfield code="e">autor.</subfield>
  </datafield>
  <datafield tag="797" ind1="2" ind2=" ">
    <subfield code="a">elibro, Corp.</subfield>
  </datafield>
  <datafield tag="856" ind1="4" ind2="0">
    <subfield code="u">https://elibro.net/ereader/politecnicointernacional/194949</subfield>
  </datafield>
  <datafield tag="999" ind1=" " ind2=" ">
    <subfield code="c">23058</subfield>
    <subfield code="d">23058</subfield>
  </datafield>
</record>
